Investment Appraisal and Financing Decisions / Student's Manual: Fourth Edition (Record no. 825)
[ view plain ]
| 000 -LEADER | |
|---|---|
| fixed length control field | 01332cam a22002054a 4500 |
| 005 - ΗΜΕΡΟΜΗΝΙΑ ΚΑΙ ΩΡΑ ΤΕΛΕΥΤΑΙΑΣ ΕΝΗΜΕΡΩΣΗΣ | |
| Πεδίο ελέγχου | 20250605163947.0 |
| 008 - FIXED-LENGTH DATA ELEMENTS--GENERAL INFORMATION | |
| Πεδίο ελέγχου σταθερού μήκους | 250528s ||||||||||||||||||||||||d |
| 035 ## - SYSTEM CONTROL NUMBER | |
| System control number | 15232 |
| 020 ## - ISBN | |
| ISBN | 412414805 |
| 040 ## - ΠΗΓΗ ΚΑΤΑΛΟΓΟΓΡΑΦΗΣΗΣ | |
| Φορέας πρωτότυπης καταλογογράφησης | MC Athens Campus Library |
| Γλώσσα καταλογογράφησης | Ελληνικά, Μοντέρνα (1453-) |
| Modifying agency | MC Athens Campus Library |
| Κανόνες περιγραφικής καταλογογράφησης | AACR2 |
| 245 1# - ΤΙΤΛΟΣ ΚΑΙ ΔΗΛΩΣΗ ΥΠΕΥΘΥΝΟΤΗΤΑΣ | |
| Τίτλος | Investment Appraisal and Financing Decisions / Student's Manual: Fourth Edition |
| 250 ## - EDITION STATEMENT | |
| Edition statement | 4th |
| 260 ## - PUBLICATION, DISTRIBUTION, ETC. | |
| Name of publisher, distributor, etc. | Chapman & Hall, |
| Date of publication, distribution, etc. | 1991 |
| 300 ## - PHYSICAL DESCRIPTION | |
| Extent | 142 |
| 520 ## - SUMMARY, ETC. | |
| Summary, etc. | This book is the students' manual which accompanies the fourth edition of the UK's most consistently successful text on investment appraisal. Introduction, Traditional methods of investment appraisal, The single-period investment-consumption decision model, The discounted cash flow approach, Net present value and internal rate of return, Project appraisal cash flows, Capital market imperfections, Risk and expected return, Portfolio theory, The capital asset pricing model, Traditional approaches to risk, The cost of company capital, The weighted average cost of capital, The capital structure decision in a no-tax world, Capital structure in a world with tax, The capital structure decision in practice, Investment in financing decision interactions, Overseas capital investments, The dividend decision. |
| 700 1# - ΠΡΟΣΘΕΤΗ ΑΝΑΓΡΑΦΗ--ΦΥΣΙΚΟ ΠΡΟΣΩΠΟ | |
| Personal name | Lumby Stephen |
| 9 (RLIN) | 1119 |
| 942 ## - ADDED ENTRY ELEMENTS (KOHA) | |
| Koha item type | Books |
| Τύπος τεκμηρίου | Βιβλιοθήκη | Τρέχουσα τοποθεσία | Barcode | Αριθμός εισαγωγής | Ημερομηνία απόκτησης | Ταξιθετικό σύμβολο | Αριθμός αντιτύπου | Κατάσταση απόσυρσης | Κατάσταση χαμένου | Κατάσταση κατεστραμμένου | Μη δανεισμός | Σύνολο δανεισμών | Ημερομηνία τελευταίας εμφάνισης | Η τιμή ισχύει από |
|---|---|---|---|---|---|---|---|---|---|---|---|---|---|---|
| Books | MC Athens Campus Library | MC Athens Campus Library | 9780000008244 | 1469 | 05/06/2025 | 658.1/51 LUM | 1 | 05/06/2025 | 05/06/2025 |